| 000 | 01001cam a2200325 u 4500 | ||
|---|---|---|---|
| 003 | UPN | ||
| 005 | 20240228064344.0 | ||
| 008 | 190408s2018 mx a ar 000 j spa d | ||
| 020 | _a9786076239223 (SEP) | ||
| 020 | _a9786071657053 (FCE) | ||
| 035 | _aUPN01000230178 | ||
| 040 |
_aMX-MxUPN _bspa _cMX-MxUPN |
||
| 049 | _aI | ||
| 050 | 4 |
_aPZ76.3 _bA583 2018 |
|
| 100 | 1 |
_aAlvarez, Rosanela _935843 |
|
| 245 | 1 | 1 | _a¿Cómo es tu mamá? |
| 250 | _aPrimera edición | ||
| 260 |
_aCiudad de México : _bFCE : _bSEP : _bUNAM, _c2018. |
||
| 300 |
_a[23] páginas : _bilustraciones a color |
||
| 490 | 0 | _aInformativo | |
| 650 | 4 |
_aMadres e hijos _vLiteratura infantil _912201 |
|
| 650 | 7 |
_aAnimales _vLiteratura infantil _2 _91061 |
|
| 650 | 7 |
_aLibros ilustrados para niños _921365 |
|
| 650 | 4 |
_aLibros y lectura para niños _92290 |
|
| 700 | 1 |
_4ilustradora _947330 _aMuraki, Yasushi |
|
| 902 | _bVíctorGodínez/141122/M | ||
| 905 | _aLibro | ||
| 942 |
_2lcc _cLIBRO |
||
| 999 |
_c202273 _d202273 |
||